000 00563nam a2200181Ia 4500
008 151018s9999 xx 000 0 und d
082 _bRBASDV43040
_a891.463
100 _aविनायक डंके
245 _aसिध्दार्थ
250 _b1
260 _bयोगिता प्रकाशन पुणे
_c2007
300 _a200
600 _aविनायक डंके
630 _aसिध्दार्थ
700 _aविनायक डंके
730 _aसिध्दार्थ
942 _cBOOK
999 _c1042260
_d1042257